Central Library OPAC University of Rajshahi

Returns to education : (Record no. 60357)

MARC details
000 -LEADER
fixed length control field 00831nam a2200253 a 4500
001 - CONTROL NUMBER
control field 60357
003 - CONTROL NUMBER IDENTIFIER
rucl marc code BD-RjUL
005 - DATE AND TIME OF LATEST TRANSACTION
control field 20211209080829.0
008 - FIXED-LENGTH DATA ELEMENTS--GENERAL INFORMATION
fixed length control field 161231s1973 caua b 001 0 eng d
020 ## - INTERNATIONAL STANDARD BOOK NUMBER
International Standard Book Number 0875891543
035 ## - SYSTEM CONTROL NUMBER
System control number (BD-RjUL)60481
040 ## - CATALOGING SOURCE
Original cataloging agency DLC
Transcribing agency DLC
Modifying agency DLC
-- BD-RjUL
Language of cataloging eng
041 ## - LANGUAGE CODE
Language code of text/sound track or separate title eng
082 00 - DEWEY DECIMAL CLASSIFICATION NUMBER
Classification number 370.19
Edition number 23
Author mark and year PSR 1973
100 1# - MAIN ENTRY--PERSONAL NAME
Personal name Psacharopoulos, George.
9 (RLIN) 179629
245 10 - TITLE STATEMENT
Title Returns to education :
Remainder of title an international comparison /
Statement of responsibility, etc. George Psacharopoulos, assisted by Keith Hinchliffe.
260 ## - PUBLICATION, DISTRIBUTION, ETC. (IMPRINT)
Place of publication, distribution, etc. San Francisco :
Name of publisher, distributor, etc. Jossey-Bass,
Date of publication, distribution, etc. c1973.
300 ## - PHYSICAL DESCRIPTION
Pagination xiii, 216 p. :
Illustrations ill. ;
Size 24 cm.
490 0# - SERIES STATEMENT
Series statement Studies on education
504 ## - BIBLIOGRAPHY, ETC. NOTE
Bibliography, etc Bibliography: p. 199-207 and index.
650 #0 - SUBJECT ADDED ENTRY--TOPICAL TERM
Topical term or geographic name as entry element Education
General subdivision Economic aspects
9 (RLIN) 179630
700 1# - ADDED ENTRY--PERSONAL NAME
Personal name Hinchliffe, Keith,
Relator term joint author.
942 ## - ADDED ENTRY ELEMENTS (KOHA)
Source of classification or shelving scheme Dewey Decimal Classification
Koha item type Books
Holdings
Lost status Source of classification or shelving scheme Damaged status Not for loan Collection code Permanent Location Current Location Shelving location Date acquired Source of acquisition Total Checkouts Full call number Date last seen Copy number Koha item type
  Dewey Decimal Classification   Not For Loan Non-fiction Central Library, University of Rajshahi Central Library, University of Rajshahi Reading Room 12/08/1981 Netherland   370.19 PSR 1973 31/12/2016 C-1 Books